Normal view
MARC view
Entry Personal Name
001 - CONTROL NUMBER
- control field: 31101
003 - CONTROL NUMBER IDENTIFIER
- control field: OSt
005 - DATE AND TIME OF LATEST TRANSACTION
- control field: 20220511114351.0
008 - FIXED-LENGTH DATA ELEMENTS
- fixed length control field: 220511|| aca||aabn | a|a d
040 ## - CATALOGING SOURCE
- Original cataloging agency: OSt
- Transcribing agency: OSt
100 ## - HEADING--PERSONAL NAME
- Personal name: Soujaa, I., Nukpezah, J.A. and Benavides, A.D.
670 ## - SOURCE DATA FOUND
- Source citation: Work cat.: (OSt)518868: Soujaa, I., Nukpezah, J.A. and Benavides, A.D., Coordination effectiveness during public health emergencies: An institutional collective action framework
